Recorridos por la bibliografía etnológica de la provincia de Albacete (Registro nro. 18000)

Detalles MARC
000 -LEADER
campo de control de longitud fija 01047nam a2200265 i 4500
001 - NÚMERO DE CONTROL
campo de control 18000
003 - IDENTIFICADOR DE NÚMERO DE CONTROL
campo de control ES-MaACL
005 - FECHA Y HORA DE LA ÚLTIMA TRANSACCIÓN
campo de control 20230906151733.0
007 - CAMPO FIJO DE DESCRIPCIÓN FÍSICA--INFORMACIÓN GENERAL
campo de control de longitud fija t|
008 - DATOS DE LONGITUD FIJA--INFORMACIÓN GENERAL
campo de control de longitud fija 010807s2001 sp ||||0| spa j
020 ## - NÚMERO INTERNACIONAL ESTÁNDAR DEL LIBRO
Número Internacional Estándar del Libro 84-95394-13-8
040 ## - FUENTE DE CATALOGACIÓN
Centro catalogador/agencia de origen M-BN
Lengua de catalogación spa
Centro/agencia transcriptor M-BN
080 ## - NÚMERO DE LA CLASIFICACIÓN DECIMAL UNIVERSAL
Número de la Clasificación Decimal Universal 016:39(460.288)
100 1# - ENTRADA PRINCIPAL--NOMBRE DE PERSONA
Nombre de persona Jordán Montés, Juan Francisco.
9 (RLIN) 66924
245 10 - MENCIÓN DEL TÍTULO
Título Recorridos por la bibliografía etnológica de la provincia de Albacete
Resto del título : comentarios bibliográficos /
Mención de responsabilidad, etc. J.F. Jordán Montés y J.A. Molina Gómez.
260 ## - PUBLICACIÓN, DISTRIBUCIÓN, ETC.
Lugar de publicación, distribución, etc. Albacete :
Nombre del editor, distribuidor, etc. Instituto de Estudios Albacetenses "Don Juan Manuel",
Fecha de publicación, distribución, etc. [2001]
300 ## - DESCRIPCIÓN FÍSICA
Extensión 155 p ;
Dimensiones 22 cm.
490 1# - MENCIÓN DE SERIE
Mención de serie Serie 0--Corpus, documenta y bibliografía ;
Designación de volumen o secuencia n. 14
650 #4 - PUNTO DE ACCESO ADICIONAL DE MATERIA--TÉRMINO DE MATERIA
Término de materia o nombre geográfico como elemento de entrada Antropología cultural y social-
Subdivisión geográfica Albacete (Provincia)-
Subdivisión de forma Bibliografías.
9 (RLIN) 9868
700 1# - ENTRADA AGREGADA--NOMBRE PERSONAL
Nombre de persona Molina Gómez, J. A.
9 (RLIN) 81939
710 2# - ENTRADA AGREGADA--NOMBRE DE ENTIDAD CORPORATIVA
Nombre de entidad corporativa o nombre de jurisdicción como elemento de entrada Instituto de Estudios Albacetenses.
9 (RLIN) 4884
830 0# - PUNTO DE ACCESO ADICIONAL DE SERIE-TÍTULO UNIFORME
Título uniforme Serie 0--Corpus, documenta y bibliografía ;
Designación de volumen o secuencia n. 14
9 (RLIN) 179464
852 ## - LOCALIZACIÓN
Ubicación ES-MaACL
Número de control de estantería L-24799
Sublocalización o colección R.129758
Existencias
Estatus retirado Estado de pérdida Fuente del sistema de clasificación o colocación Estado de daño No para préstamo Colección Biblioteca de origen Biblioteca actual Ubicación en estantería Fecha de adquisición Total de préstamos Signatura topográfica completa Código de barras Visto por última vez Precio de reemplazo Tipo de ítem Koha
    Clasificación decimal universal     Biblioteca profesional Biblioteca del Ateneo de Madrid Biblioteca del Ateneo de Madrid Depósito 2 17/01/2008   L-24799 1018391 23/02/2023 23/02/2023 Libro impreso